| 000 | 00693nam a22002297a 4500 | ||
|---|---|---|---|
| 999 |
_c3306 _d3306 |
||
| 003 | AR-CdUCM | ||
| 008 | 190306b ||||| |||| 00| 0 spa d | ||
| 040 |
_aMUNICIPALIDAD PROVINCIAL DEL CUSCO _cBIBLIOTECA MUNICIPAL DEL CUSCO |
||
| 082 |
_a398.2 / _bES86 |
||
| 100 |
_aEspinar la Torre, Oscar _910991 |
||
| 245 | _aMyths of ancient Peru / | ||
| 260 |
_aLima : _bAnca. _c2009. |
||
| 300 |
_a176 paginas ; _bFotografías, _c21 cm. |
||
| 505 | _aTraducción: Mitos del antiguo Perú ... | ||
| 650 |
_aIncas _9303 |
||
| 650 |
_aPerú _935 |
||
| 650 |
_aMitología _95359 |
||
| 650 |
_aCuentos de costumbres _934 |
||
| 650 |
_aÉpoca prehispánica _92714 |
||
| 942 |
_2ddc _cLIBROS |
||
| 945 | _aacv | ||